Statistics for TV Shows with 15 or more Seasons

Click here to take the quiz!

General Stats

  • This quiz has been taken 32 times
  • The average score is 4 of 14

Answer Stats

YearsAnswer% Correct
1989-Present (34 Seasons)The Simpsons
81%
1999-2003; 2005-Present (21 Seasons)Family Guy
63%
2005-Present (19 Seasons)Grey's Anatomy
44%
2000-2015 (15 Seasons)CSI: Crime Scene Investigation
26%
1994-2009 (15 Seasons)ER
26%
1990-Present (22 Seasons)Law & Order
26%
1999-Present (24 Seasons)Law & Order: Special Victims Unit
26%
2005-Present (19 Seasons)American Dad!
22%
1955-1975 (20 Seasons)Gunsmoke
19%
2005-2020 (15 Seasons)Supernatural
15%
2005-2020; 2022-Present (16 Seasons)Criminal Minds
11%
2003-Present (20 Seasons)NCIS
11%
1954-1971 (19 Seasons)Lassie
0%
1950-1965 (15 Seasons)The Jack Benny Program
0%

Score Distribution

Percentile by Number Answered

Percent of People with Each Score

Your Score History

You have not taken this quiz